000 00267nam a2200109Ia 4500
008 190912s9999||||xx |||||||||||||| ||und||
100 _aInce,Darrel
245 0 _aProgramming the Internet With Java
260 _aEngland
_bMcGraw-Hill
_c1999
300 _a387
942 _cBK
999 _c7451
_d7451